|
|
|
|
| LEADER |
00000nam a2200000 4500 |
| 001 |
vtls012247421 |
| 003 |
SK-MaSNL |
| 005 |
20260301085142.0 |
| 008 |
240110s2023 xo oa gre 001 0 slo |
| 015 |
|
|
|a SNBA2024/01
|
| 020 |
|
|
|a 9788055660301
|q (viazané)
|
| 040 |
|
|
|a SNK
|b slo
|c SNK
|e rda
|
| 041 |
1 |
|
|a slo
|h eng
|
| 044 |
|
|
|a xo
|c SK
|
| 072 |
|
7 |
|a 00
|x Veda. Všeobecnosti. Základy vedy a kultúry. Vedecká práca
|2 konspekt
|
| 080 |
|
|
|a 0/9
|2 2011
|
| 080 |
|
|
|a (084.11)
|2 2011
|
| 080 |
|
|
|a (031)
|2 2011
|
| 100 |
1 |
|
|a Bryan, Kim
|4 aut
|9 414754
|
| 240 |
1 |
3 |
|a An Encyclopedia of Everything: Our World In Pictures
|l Slovensky
|
| 245 |
1 |
0 |
|a Náš svet
|b od veľkého tresku po street art : obrazová encyklopédia
|c Kim Bryan, Clive Gifford, Francesca Kletz, Seun Matiluko, Giles Sparrow ; z anglického originálu An Encyclopedia of Everything: Our World In Pictures ... preložil Peter Butko
|
| 246 |
3 |
0 |
|a Od veľkého tresku po street art
|
| 250 |
|
|
|a Prvé slovenské vydanie
|
| 264 |
|
1 |
|a Bratislava
|b Slovart
|c 2023
|
| 300 |
|
|
|a 320 strán
|b farebné fotografie, ilustrácie
|c 29 cm
|
| 336 |
|
|
|a text
|b txt
|2 rdacontent
|
| 336 |
|
|
|a statický obraz
|b sti
|2 rdacontent
|
| 337 |
|
|
|a bez média
|b n
|2 rdamedia
|
| 338 |
|
|
|a zväzok
|b nc
|2 rdacarrier
|
| 500 |
|
|
|a Obsahuje slovník
|
| 504 |
|
|
|a Obsahuje register
|
| 650 |
0 |
7 |
|a všeobecné vedomosti
|2 SNKPH
|9 4163
|
| 650 |
0 |
7 |
|a General knowledge
|2 SNKPHeng
|9 100175
|
| 650 |
0 |
7 |
|a všeobecnosti a zaujímavosti
|2 SNKPH
|9 4162
|
| 650 |
0 |
7 |
|a General and attractions
|2 SNKPHeng
|9 267066
|
| 655 |
|
7 |
|a obrazové publikácie
|2 SNKPH
|9 70343
|
| 655 |
|
7 |
|a Pictorial works
|2 SNKPHeng
|9 284468
|
| 655 |
|
7 |
|a encyklopédie
|2 SNKPH
|9 28776
|
| 655 |
|
7 |
|a Encyclopedias
|2 SNKPHeng
|9 90422
|
| 700 |
1 |
|
|a Gifford, Clive,
|d 1966-
|4 aut
|9 86078
|
| 700 |
1 |
|
|a Kletz, Francesca
|4 aut
|9 414755
|
| 700 |
1 |
|
|a Matiluko, Seun
|4 aut
|9 414756
|
| 700 |
1 |
|
|a Sparrow, Giles,
|d 1970-
|4 aut
|9 219491
|
| 700 |
1 |
|
|a Butko, Peter
|c (prekladateľ)
|4 trl
|9 259306
|
| 852 |
|
|
|a Slovenská národná knižnica
|
| 919 |
|
|
|a 978-80-556-6030-1
|
| 954 |
|
|
|a odborná, vedecká literatúra cudzojazyčná (svetová)
|2 lita
|
| 958 |
|
|
|a OP
|
| 968 |
|
|
|b ENG
|
| 999 |
|
|
|c 665142
|d 667072
|
| 952 |
|
|
|a SNK
|b SNK
|y PREZ
|7 0
|p 17A1541161
|o snkSB 99939
|i snk2024/490
|8 0
|0 0
|1 0
|4 0
|d 2024-01-10
|f 1
|l 0
|r 2025-05-19 00:00:00
|w 2026-02-23
|
| 952 |
|
|
|a SNK
|b SNK
|y VYP
|7 0
|p 17A1541162
|o snkSB 99939 D1
|i snk2024/491
|8 0
|0 0
|1 0
|4 0
|d 2024-01-10
|l 0
|r 2026-02-23 19:06:56
|w 2026-02-23
|